Addressing the underlying causes of deforestation and forest degradation : case studies, analysis and policy recommendations

Bibliographic Details
Corporate Author: Biodiversity Action Network
Other Authors: Foley, Mary-Ellen, Moussa, Juliette, Verolme, Hans J.H
Format: Book
Published: Washington DC, USA : Biodiversity Action Network , 1999
Subjects:

MARC

LEADER 00000cam a2200000 7i4500
001 0000003429
005 20060320.0
020 0 0 |a 0966959906 
090 0 0 |a 634.956   |b ADD 
245 1 0 |a Addressing the underlying causes of deforestation and forest degradation :   |b case studies, analysis and policy recommendations   |c editors by Mary-Ellen Foley, Juliette Moussa, Hans J.H. Verolme. 
260 0 0 |a Washington DC, USA :   |b Biodiversity Action Network ,   |c 1999 
300 |a ii, 141 p. :   |b ill., map ;   |c 28 cm. 
650 0 0 |a Forest and forestry   |x Case studies 
650 0 0 |a Forest Management   |x Case studies 
700 1 1 |a Foley, Mary-Ellen 
700 1 1 |a Moussa, Juliette 
700 1 1 |a Verolme, Hans J.H. 
710 2 1 |a Biodiversity Action Network 
999 |a 0000006492   |b Monograph   |c Open Shelf   |e Default branch